000 00647nam a22002297a 4500
003 UA-OsUOA
001 71992
007 ta
008 20101217b un ||||| |||| 00| 0 ukr d
100 _aКоблянська Г.Ю.
700 _aРеєнтенко І.С.
090 _a330
_bК55
942 _cSA
040 _aUA-OsUOA
_bukr
_cUA-OsUOA
_dUA-OsUOA
245 _aктуальні аспекти обліку вексельних операцій
300 _aС.84-90
955 _a0
041 _aukr
080 _a330
773 0 _w71987
_tЕкономіка АПК
_dК.
_d2010
_g11
650 7 _a330 Економіка взагалі
_2UDC
999 _c358224
_d358224